| 000 | 00610nam a2200241Ia 4500 | ||
|---|---|---|---|
| 003 | OSt | ||
| 005 | 20221007082534.0 | ||
| 006 | a|||||r|||| 00| 0 | ||
| 007 | ta | ||
| 008 | 221006b |||||||| |||| 00| 0 eng d | ||
| 024 | _a30,415 | ||
| 037 | _cReports / Technical Reports | ||
| 040 |
_aFLL _cFLL _beng |
||
| 041 |
_2eng _aeng |
||
| 082 | _aZ1,215, M9 | ||
| 110 |
_aGovt. of Sea _9699139 |
||
| 245 | 0 | _aLaw of the sea | |
| 260 | _c1989 | ||
| 300 |
_axiii,289p _ccm. |
||
| 700 |
_aGovt. of Sea _9699140 |
||
| 942 |
_hZ1,215, M9 _cREP _2CC |
||
| 999 |
_c1166777 _d1166777 |
||